000 00372nam a2200181Ia 4500
100 _aSang/David/ Gibbs/K
650 _aPhysics
490 _v1
942 _cBK
366 _f10
654 _aphysics 1
245 _aPhysics I
260 _bCambridge University Press
_aMumbai
_c2000
082 _a530/SAN
_bSAN
300 _a209
546 _aENGLISH
999 _c31065
_d31065